[Event "BL2-Nord 9900"]
[Site "Germany"]
[Date "2000.03.26"]
[Round "8.5"]
[White "Hennings, Artur"]
[Black "Zesch, Ludwig"]
[Result "1-0"]
[WhiteElo "2295"]
[BlackElo "2094"]
[PlyCount "73"]
[EventDate "1999.10.10"]
[EventType "team-tourn"]
[EventRounds "9"]
[EventCountry "GER"]
[SourceTitle "CBM 075 Extra"]
[Source "ChessBase"]
[SourceDate "2000.05.11"]
[SourceVersion "2"]
[SourceVersionDate "2000.05.11"]
[SourceQuality "1"]
[WhiteTeam "Neukloster"]
[BlackTeam "Leipzig Gohlis"]
[WhiteTeamCountry "GER"]
[BlackTeamCountry "GER"]

1. e4 c5 2. f4 Nc6 3. Nc3 g6 4. Nf3 Bg7 5. Bb5 Nd4 6. a4 e6 7. 0-0 Ne7 8. Nxd4 cxd4 9. Ne2 0-0 10. c3 a6 11. Bd3 Nc6 12. cxd4 Nxd4 13. Nxd4 Bxd4+ 14. Kh1 f5 15. exf5 gxf5 16. Ra3 b6 17. Be2 Bb7 18. Bf3 Bxf3 19. Raxf3 Qf6 20. b3 Kh8 21. Ba3 Rg8 22. Qe2 Rg4 23. Bd6 Rag8 24. g3 h5 25. Be5 Bxe5 26. fxe5 Qg5 27. Rf4 a5 28. Qe3 Kh7 29. Rxg4 Qxg4 30. Rf4 Qd1+ 31. Kg2 Rc8 32. Qd3 Rc7 33. Qd6 Qc2 34. Qe7+ Kh8 35. Kh3 d5 36. Qxe6 Qc6 37. Qxf5 1-0

[Event "BL2-Nord 9900"]
[Site "Germany"]
[Date "2000.01.30"]
[Round "5.6"]
[White "Paulsen, Dirk"]
[Black "Hennings, Artur"]
[Result "1-0"]
[WhiteElo "2330"]
[BlackElo "2295"]
[PlyCount "81"]
[EventDate "1999.10.10"]
[EventType "team-tourn"]
[EventRounds "9"]
[EventCountry "GER"]
[SourceTitle "CBM 074 Extra"]
[Source "ChessBase"]
[SourceDate "2000.03.10"]
[SourceVersion "2"]
[SourceVersionDate "2000.03.10"]
[SourceQuality "1"]
[WhiteTeam "Koenig Tegel"]
[BlackTeam "Neukloster"]
[WhiteTeamCountry "GER"]
[BlackTeamCountry "GER"]

1. d4 d6 2. c4 e5 3. Nf3 e4 4. Ng5 f5 5. f4 Nf6 6. Nc3 h6 7. Nh3 c6 8. d5 Be7 9. Nf2 Na6 10. g4 0-0 11. gxf5 Bxf5 12. Rg1 Nc7 13. Bg2 cxd5 14. cxd5 Qe8 15. Qd4 Nb5 16. Nxb5 Qxb5 17. Bxe4 Bxe4 18. Nxe4 Qb6 19. Be3 Rac8 20. Rd1 Rc4 21. Qd3 Qc7 22. Bd4 Rf7 23. Nc3 Ne8 24. e3 b5 25. Nxb5 Qa5+ 26. Nc3 Rxd4 27. Qxd4 Bh4+ 28. Ke2 Bf6 29. Qd3 Rb7 30. Rd2 Qd8 31. Qg6 Bxc3 32. bxc3 Nf6 33. Qxh6 Qe7 34. Qh3 Ne4 35. Qe6+ Qxe6 36. dxe6 Nxd2 37. Kxd2 Rb2+ 38. Kd3 Rxh2 39. e7 Kf7 40. Rxg7+ Ke8 41. f5 1-0

[Event "BL2-Nord 9900"]
[Site "Germany"]
[Date "2000.01.09"]
[Round "4.6"]
[White "Hennings, Artur"]
[Black "Urban, Julian"]
[Result "0-1"]
[WhiteElo "2295"]
[BlackElo "2230"]
[PlyCount "62"]
[EventDate "1999.10.10"]
[EventType "team-tourn"]
[EventRounds "9"]
[EventCountry "GER"]
[SourceTitle "CBM 074 Extra"]
[Source "ChessBase"]
[SourceDate "2000.03.10"]
[SourceVersion "2"]
[SourceVersionDate "2000.03.10"]
[SourceQuality "1"]
[WhiteTeam "Neukloster"]
[BlackTeam "Berlin Empor"]
[WhiteTeamCountry "GER"]
[BlackTeamCountry "GER"]

1. e4 e5 2. Nf3 d6 3. d4 exd4 4. Nxd4 Nf6 5. Nc3 Be7 6. Be2 0-0 7. 0-0 c5 8. Nb3 a6 9. f4 Nc6 10. Bf3 Be6 11. Nd5 Re8 12. c3 Bf8 13. Bd2 c4 14. Nxf6+ Qxf6 15. Nc1 Rad8 16. Ne2 d5 17. e5 Bc5+ 18. Kh1 Qe7 19. Ng3 d4 20. Qe1 dxc3 21. bxc3 f6 22. exf6 Qxf6 23. Ne4 Qf8 24. Nxc5 Qxc5 25. Be3 Qf5 26. Bxc6 bxc6 27. Bd4 c5 28. Be5 Rd3 29. Rd1 Bd5 30. Rxd3 cxd3 31. Qg3 Rxe5 0-1

[Event "BL2-Nord 9899"]
[Site "Germany"]
[Date "1999.04.18"]
[Round "9.3"]
[White "Hennings, Artur"]
[Black "Apel, Stefan"]
[Result "1/2-1/2"]
[WhiteElo "2320"]
[BlackElo "2310"]
[PlyCount "66"]
[EventDate "1998.10.18"]
[EventType "team-tourn"]
[EventRounds "9"]
[EventCountry "GER"]
[SourceTitle "GER-chT2"]
[Source "ChessBase"]
[SourceDate "1999.07.01"]
[SourceVersion "1"]
[SourceVersionDate "1999.07.01"]
[SourceQuality "1"]
[WhiteTeam "Neukloster"]
[BlackTeam "Berlin Empor"]
[WhiteTeamCountry "GER"]
[BlackTeamCountry "GER"]

1. e4 c5 2. Nc3 Nc6 3. f4 e6 4. Nf3 Nf6 5. g3 d5 6. e5 Ng4 7. d3 Nh6 8. Bg2 Nf5 9. Ne2 h5 10. c3 b5 11. 0-0 Qb6 12. Bh3 Be7 13. Bxf5 exf5 14. d4 c4 15. Be3 Be6 16. Bf2 Qa6 17. b4 Qa3 18. Ne1 a5 19. Nc2 Qa4 20. a3 Kd7 21. Qd2 Ra6 22. Rab1 Rha8 23. Kg2 g6 24. Rb2 R6a7 25. Rfb1 Bf8 26. h3 Be7 27. Ng1 Rc8 28. Nf3 axb4 29. axb4 Qa6 30. Ra1 Qb7 31. Rxa7 Qxa7 32. Rb1 Ra8 33. Ra1 Qb7 1/2-1/2

[Event "Mecklenburg VP-ch MT"]
[Site "Nakenstorf"]
[Date "1999.04.02"]
[Round "5.3"]
[White "Hennings, Artur"]
[Black "Kunow, Frank"]
[Result "1-0"]
[WhiteElo "2299"]
[BlackElo "2147"]
[PlyCount "87"]
[EventDate "1999.03.31"]
[EventType "tourn"]
[EventCountry "GER"]
[SourceTitle "EXT 2022"]
[Source "ChessBase"]
[SourceDate "2021.10.06"]
[SourceVersion "1"]
[SourceVersionDate "2021.10.06"]
[SourceQuality "1"]

1. e4 c5 2. Nc3 e6 3. Nf3 a6 4. d4 cxd4 5. Nxd4 Qc7 6. Bd3 d6 7. 0-0 Nf6 8. f4 Nbd7 9. Nf3 b5 10. Qe2 Bb7 11. Bd2 Nc5 12. b4 Nxd3 13. cxd3 Be7 14. Rfc1 Qd8 15. a4 bxa4 16. Nxa4 0-0 17. Be3 Ng4 18. Bb6 Qb8 19. h3 Nf6 20. Qf2 Bd8 21. Bd4 Nd7 22. Rab1 e5 23. fxe5 dxe5 24. Nc5 Nxc5 25. bxc5 exd4 26. c6 Qa7 27. cxb7 Rb8 28. Qb2 Be7 29. Ne5 Ba3 30. Qxa3 Rxb7 31. Qxf8+ Kxf8 32. Rc8+ Ke7 33. Nc6+ Kd7 34. Nxa7 Rxb1+ 35. Kf2 Rb7 36. Rf8 Ke7 37. Ra8 Kd7 38. e5 Rc7 39. Kf3 h5 40. Ke4 Rc2 41. Kd5 g5 42. Rf8 Ke7 43. Rg8 f6 44. Rg7+ 1-0

[Event "Mecklenburg VP-ch MT"]
[Site "Nakenstorf"]
[Date "1999.04.01"]
[Round "4.7"]
[White "Oldach, Ehrenfried"]
[Black "Hennings, Artur"]
[Result "0-1"]
[WhiteElo "2082"]
[BlackElo "2299"]
[PlyCount "52"]
[EventDate "1999.03.31"]
[EventType "tourn"]
[EventCountry "GER"]
[SourceTitle "EXT 2022"]
[Source "ChessBase"]
[SourceDate "2021.10.06"]
[SourceVersion "1"]
[SourceVersionDate "2021.10.06"]
[SourceQuality "1"]

1. e4 e5 2. Nf3 Nc6 3. Bb5 a6 4. Ba4 Nf6 5. Qe2 b5 6. Bb3 Be7 7. a4 Bb7 8. axb5 axb5 9. Rxa8 Qxa8 10. Nc3 0-0 11. d3 d6 12. 0-0 Na5 13. Nxb5 Nxb3 14. cxb3 Qa5 15. Nc3 Nd7 16. Bd2 Qb6 17. b4 c6 18. Ra1 Re8 19. Ra4 d5 20. exd5 cxd5 21. Nxe5 d4 22. Nxd7 Qc6 23. Nd5 Qxd5 24. Nf6+ gxf6 25. Qg4+ Kh8 26. Ra5 Qe6 0-1

[Event "BL2-Nord 9899"]
[Site "Germany"]
[Date "1999.03.07"]
[Round "7.3"]
[White "Boehnisch, Manfred"]
[Black "Hennings, Artur"]
[Result "1/2-1/2"]
[WhiteElo "2335"]
[BlackElo "2320"]
[PlyCount "23"]
[EventDate "1998.10.18"]
[EventType "team-tourn"]
[EventRounds "9"]
[EventCountry "GER"]
[SourceTitle "GER-chT2"]
[Source "ChessBase"]
[SourceDate "1999.07.01"]
[SourceVersion "1"]
[SourceVersionDate "1999.07.01"]
[SourceQuality "1"]
[WhiteTeam "Isernhagen"]
[BlackTeam "Neukloster"]
[WhiteTeamCountry "GER"]
[BlackTeamCountry "GER"]

1. e4 e5 2. Nf3 Nc6 3. Nc3 Nf6 4. Bb5 Bb4 5. 0-0 0-0 6. d3 Bxc3 7. bxc3 d6 8. Re1 Qe7 9. Bxc6 bxc6 10. Rb1 Be6 11. c4 Nd7 12. Ng5 1/2-1/2

[Event "BL2-Nord 9899"]
[Site "Germany"]
[Date "1999.01.31"]
[Round "5.3"]
[White "Von Herman, Ulf"]
[Black "Hennings, Artur"]
[Result "1-0"]
[WhiteElo "2380"]
[BlackElo "2320"]
[PlyCount "77"]
[EventDate "1998.10.18"]
[EventType "team-tourn"]
[EventRounds "9"]
[EventCountry "GER"]
[SourceTitle "GER-chT2"]
[Source "ChessBase"]
[SourceDate "1999.07.01"]
[SourceVersion "1"]
[SourceVersionDate "1999.07.01"]
[SourceQuality "1"]
[WhiteTeam "Koenig Tegel"]
[BlackTeam "Neukloster"]
[WhiteTeamCountry "GER"]
[BlackTeamCountry "GER"]

1. d4 d6 2. Nf3 g6 3. e4 Bg7 4. c3 Nf6 5. Nbd2 0-0 6. Be2 Nc6 7. 0-0 e5 8. dxe5 Nxe5 9. Nxe5 dxe5 10. Qc2 Qe7 11. Nc4 b6 12. Bg5 Bb7 13. f3 Rfd8 14. b4 Qe8 15. a4 h6 16. Bh4 Rd7 17. a5 Nh5 18. a6 Bc8 19. Ne3 c6 20. b5 c5 21. Bc4 Bf6 22. Bxf6 Nxf6 23. Nd5 Qd8 24. Rad1 Rb8 25. Rf2 Kg7 26. Rfd2 Nxd5 27. Bxd5 Qg5 28. Rd3 Rd8 29. Bc4 Rxd3 30. Qxd3 Bh3 31. Rd2 Rf8 32. f4 exf4 33. Qxh3 f3 34. Rf2 Qc1+ 35. Bf1 Qxc3 36. Qxf3 Qd4 37. Qd3 Rd8 38. Qxd4+ Rxd4 39. e5 1-0

[Event "BL2-Nord 9899"]
[Site "Germany"]
[Date "1998.12.13"]
[Round "3.3"]
[White "Pieniazek, Artur"]
[Black "Hennings, Artur"]
[Result "1-0"]
[WhiteElo "2400"]
[BlackElo "2320"]
[PlyCount "101"]
[EventDate "1998.10.18"]
[EventType "team-tourn"]
[EventRounds "9"]
[EventCountry "GER"]
[SourceTitle "GER-chT2"]
[Source "ChessBase"]
[SourceDate "1999.07.01"]
[SourceVersion "1"]
[SourceVersionDate "1999.07.01"]
[SourceQuality "1"]
[WhiteTeam "Kreuzberg"]
[BlackTeam "Neukloster"]
[WhiteTeamCountry "GER"]
[BlackTeamCountry "GER"]

1. d4 d6 2. Nf3 Bg4 3. c4 Nd7 4. g3 Bxf3 5. exf3 g6 6. Nc3 Bg7 7. Be3 c6 8. Be2 Ngf6 9. d5 0-0 10. 0-0 Qa5 11. Qb3 Rfc8 12. Rfd1 Rab8 13. a3 a6 14. Rac1 cxd5 15. Nxd5 Nxd5 16. Rxd5 Qc7 17. Qa2 a5 18. c5 Nxc5 19. b4 axb4 20. axb4 e6 21. Rdd1 Ra8 22. Qd2 b6 23. bxc5 dxc5 24. Qd6 Qa7 25. Bc4 Bb2 26. Rb1 Rd8 27. Qc6 Qa3 28. Bg5 Rxd1+ 29. Rxd1 Bd4 30. Bxe6 Rf8 31. Bc4 Qc3 32. Qd5 b5 33. Bxb5 Qb2 34. Rxd4 cxd4 35. Bc4 Qb1+ 36. Kg2 Qf5 37. Qxf5 gxf5 38. Bd3 f6 39. Bd2 Kg7 40. Bxf5 Re8 41. Bd3 Rc8 42. Kf1 Re8 43. g4 h6 44. h4 Re5 45. h5 Re8 46. Be4 Re7 47. Ke2 f5 48. gxf5 Kf6 49. Kd3 Ke5 50. Bxh6 Rh7 51. f4+ 1-0

[Event "Mecklenburg VP-ch MT"]
[Site "Diedrichshagen"]
[Date "1998.04.10"]
[Round "5.1"]
[White "Westphal, Wolfgang"]
[Black "Hennings, Artur"]
[Result "1/2-1/2"]
[WhiteElo "2146"]
[BlackElo "2320"]
[PlyCount "80"]
[EventDate "1998.04.08"]
[EventType "tourn"]
[EventRounds "9"]
[EventCountry "GER"]
[SourceTitle "EXT 2022"]
[Source "ChessBase"]
[SourceDate "2021.10.06"]
[SourceVersion "1"]
[SourceVersionDate "2021.10.06"]
[SourceQuality "1"]

1. e4 d6 2. d4 Nf6 3. Bd3 e5 4. Nf3 Nbd7 5. c3 Be7 6. 0-0 0-0 7. Nbd2 c6 8. Re1 Re8 9. Nf1 Qc7 10. Ng3 Nf8 11. h3 Ng6 12. Nf5 h6 13. Nh2 Nh7 14. g3 Bg5 15. h4 Bxc1 16. Rxc1 Nf6 17. Ng4 Nxg4 18. Qxg4 exd4 19. cxd4 Bxf5 20. Qxf5 Nf8 21. d5 c5 22. b4 b6 23. f4 f6 24. Bb5 Re7 25. Bc6 Rd8 26. bxc5 bxc5 27. Kg2 Rb8 28. Re2 Rb6 29. Rce1 Nd7 30. Ba4 Rb4 31. Bc2 Nf8 32. Qg4 Qd7 33. Qf3 Rf7 34. a3 Rb6 35. Qc3 Qb7 36. Qd3 Rd7 37. Ba4 Re7 38. Bc6 Qb8 39. Qc2 Qc8 40. Qc3 Nd7 1/2-1/2

[Event "Greifswalder op"]
[Site "Greifswald"]
[Date "1998.??.??"]
[Round "3"]
[White "Teschke, Olaf"]
[Black "Hennings, Artur"]
[Result "1/2-1/2"]
[WhiteElo "2150"]
[BlackElo "2320"]
[PlyCount "134"]
[EventDate "1998.??.??"]
[EventType "swiss"]
[EventRounds "7"]
[EventCountry "GER"]
[SourceTitle "EXT 2002"]
[Source "ChessBase"]
[SourceDate "2001.11.25"]
[SourceVersion "1"]
[SourceVersionDate "2001.11.25"]
[SourceQuality "1"]

1. e4 c5 2. c3 d5 3. exd5 Qxd5 4. d4 Nf6 5. Nf3 Bg4 6. Be2 e6 7. h3 Bh5 8. 0-0 Nc6 9. Be3 cxd4 10. cxd4 Be7 11. Nc3 Qa5 12. a3 0-0 13. b4 Qd8 14. Qb3 Rc8 15. Rfd1 Nd5 16. Nxd5 Qxd5 17. Qxd5 exd5 18. g4 Bg6 19. Ne5 Bd6 20. Nxg6 hxg6 21. Bf3 Ne7 22. Rdc1 f6 23. Rxc8 Rxc8 24. Rc1 Rxc1+ 25. Bxc1 g5 26. Be2 Kf7 27. Bd3 Bc7 28. Be3 Bb6 29. Bf5 Nxf5 30. gxf5 g6 31. fxg6+ Kxg6 32. f3 a6 33. a4 Bc7 34. b5 axb5 35. axb5 Kf5 36. Kf1 Bf4 37. Ke2 Bxe3 38. Kxe3 b6 39. Ke2 Kf4 40. Kf2 f5 41. Kg2 Ke3 42. Kg3 Kxd4 43. f4 Ke3 44. fxg5 f4+ 45. Kh2 f3 46. g6 f2 47. g7 f1Q 48. g8Q Qxb5 49. Qg1+ Kd2 50. Qd4+ Qd3 51. Qxb6 Qe2+ 52. Kh1 Qe4+ 53. Kh2 d4 54. Qb2+ Kd1 55. Qa1+ Ke2 56. Qb2+ Kf3 57. Qg2+ Ke3 58. Qg3+ Ke2 59. Qb3 Kf2 60. Qg3+ Ke2 61. Qb3 d3 62. Qb5 Qf4+ 63. Kg2 Qf3+ 64. Kg1 Qg3+ 65. Kh1 Qxh3+ 66. Kg1 Qg3+ 67. Kh1 Kf2 1/2-1/2

[Event "GER-ch 69th"]
[Site "Gladenbach"]
[Date "1997.11.20"]
[Round "4"]
[White "Rabiega, Robert"]
[Black "Hennings, Artur"]
[Result "1/2-1/2"]
[WhiteElo "2490"]
[BlackElo "2320"]
[PlyCount "53"]
[EventDate "1997.11.17"]
[EventType "swiss"]
[EventRounds "9"]
[EventCountry "GER"]
[SourceTitle "CBM 061 Extra"]
[Source "ChessBase"]
[SourceDate "1998.03.09"]
[SourceVersion "1"]
[SourceVersionDate "1998.03.09"]
[SourceQuality "1"]

1. e4 e5 2. Nf3 Nc6 3. Bb5 a6 4. Ba4 Nf6 5. 0-0 Be7 6. Re1 b5 7. Bb3 d6 8. a3 0-0 9. h3 Be6 10. c3 h6 11. d4 exd4 12. cxd4 Bxb3 13. Qxb3 d5 14. e5 Ne4 15. Nbd2 Nxd2 16. Bxd2 Qd7 17. Rac1 Nd8 18. Be3 c6 19. Rc2 Ne6 20. Rec1 Rac8 21. Qd3 a5 22. Nh2 Bg5 23. Nf1 f5 24. exf6 Rxf6 25. Re1 Rd8 26. Qc3 Qf7 27. Qd2 1/2-1/2

[Event "Mecklenburg VP-ch MT"]
[Site "Nakenstorf"]
[Date "1997.03.29"]
[Round "8.1"]
[White "Hennings, Artur"]
[Black "Dettmann, Gerd"]
[Result "1-0"]
[WhiteElo "2251"]
[BlackElo "2132"]
[PlyCount "65"]
[EventDate "1997.03.26"]
[EventType "swiss"]
[EventRounds "9"]
[EventCountry "GER"]
[SourceTitle "EXT 2022"]
[Source "ChessBase"]
[SourceDate "2021.10.06"]
[SourceVersion "1"]
[SourceVersionDate "2021.10.06"]
[SourceQuality "1"]

1. e4 g6 2. d4 d6 3. Nc3 Bg7 4. Be3 Nd7 5. Nf3 Ngf6 6. h3 e5 7. dxe5 dxe5 8. Bc4 0-0 9. 0-0 c6 10. a4 Qc7 11. a5 h6 12. Qd2 Kh7 13. Rfd1 Nh5 14. Qd6 Qxd6 15. Rxd6 f5 16. a6 Nb6 17. axb7 Bxb7 18. Bb3 Nf4 19. Nd2 Rf6 20. Rxf6 Bxf6 21. Nc4 Nxc4 22. Bxc4 a6 23. Ra3 c5 24. Rb3 Bxe4 25. Nxe4 fxe4 26. Rb7+ Kh8 27. Rb6 Be7 28. Kh2 Rd8 29. Rxa6 Kg7 30. Ra7 Kf6 31. g3 Nd5 32. Bxh6 Nb4 33. h4 1-0

[Event "Mecklenburg VP-ch MT"]
[Site "Nakenstorf"]
[Date "1997.03.29"]
[Round "7.1"]
[White "Kutschke, Peter"]
[Black "Hennings, Artur"]
[Result "1/2-1/2"]
[WhiteElo "2050"]
[BlackElo "2251"]
[PlyCount "27"]
[EventDate "1997.03.26"]
[EventType "swiss"]
[EventRounds "9"]
[EventCountry "GER"]
[SourceTitle "EXT 2022"]
[Source "ChessBase"]
[SourceDate "2021.10.06"]
[SourceVersion "1"]
[SourceVersionDate "2021.10.06"]
[SourceQuality "1"]

1. e4 g6 2. c4 Bg7 3. Nc3 d6 4. Nge2 e5 5. g3 Nc6 6. Bg2 h5 7. h4 Bg4 8. f3 Bd7 9. d3 Nge7 10. Bg5 f6 11. Be3 Bh6 12. Qd2 Bxe3 13. Qxe3 Kf7 14. 0-0 1/2-1/2

[Event "Mecklenburg VP-ch MT"]
[Site "Nakenstorf"]
[Date "1997.03.28"]
[Round "6.1"]
[White "Hennings, Artur"]
[Black "Knuth, Hannes"]
[Result "1/2-1/2"]
[WhiteElo "2251"]
[BlackElo "2318"]
[PlyCount "86"]
[EventDate "1997.03.26"]
[EventType "swiss"]
[EventRounds "9"]
[EventCountry "GER"]
[SourceTitle "EXT 2022"]
[Source "ChessBase"]
[SourceDate "2021.10.06"]
[SourceVersion "1"]
[SourceVersionDate "2021.10.06"]
[SourceQuality "1"]

1. d3 d5 2. f4 g6 3. Nf3 Bg7 4. g3 Nf6 5. Bg2 0-0 6. 0-0 Nc6 7. c3 d4 8. Qa4 Ng4 9. h3 Nh6 10. cxd4 Nf5 11. Kh2 Ncxd4 12. Nc3 Nxf3+ 13. Bxf3 e5 14. fxe5 Bxe5 15. Bf4 Bg7 16. e4 Nd4 17. Bg2 c6 18. Qd1 Ne6 19. Be3 Qd6 20. Qf3 Qxd3 21. Rad1 Qc4 22. e5 Bxe5 23. Bh6 Nd4 24. Rxd4 Bxd4 25. Bxf8 Kxf8 26. b3 Qe6 27. Ne4 Qe7 28. Ng5 Bf5 29. Nxf7 Qxf7 30. g4 Be6 31. Qg3 Bf6 32. g5 Bf5 33. gxf6 Qxf6 34. Be4 Re8 35. Bxf5 gxf5 36. Qd3 Re5 37. Qd7 f4 38. Qxb7 f3 39. Qb8+ Kg7 40. Qxa7+ Re7 41. Qg1+ Kh6 42. Qg3 Re2+ 43. Kh1 c5 1/2-1/2

[Event "Mecklenburg VP-ch MT"]
[Site "Nakenstorf"]
[Date "1997.03.28"]
[Round "5.1"]
[White "Hennings, Artur"]
[Black "Siptitz, Friedrich"]
[Result "1-0"]
[WhiteElo "2251"]
[BlackElo "2004"]
[PlyCount "65"]
[EventDate "1997.03.26"]
[EventType "swiss"]
[EventRounds "9"]
[EventCountry "GER"]
[SourceTitle "EXT 2022"]
[Source "ChessBase"]
[SourceDate "2021.10.06"]
[SourceVersion "1"]
[SourceVersionDate "2021.10.06"]
[SourceQuality "1"]

1. e4 g6 2. d4 c6 3. Nc3 Bg7 4. Nf3 d5 5. h3 dxe4 6. Nxe4 Nf6 7. Nxf6+ exf6 8. Bd3 0-0 9. 0-0 Nd7 10. Re1 Nb6 11. Bd2 a5 12. c4 Be6 13. Qc2 Re8 14. Rad1 f5 15. b3 f6 16. Re2 Bf7 17. Rxe8+ Qxe8 18. a4 Qd7 19. Bc3 Nc8 20. Re1 b6 21. Qb2 Nd6 22. d5 Ne8 23. Bd4 cxd5 24. Bxb6 dxc4 25. Bxc4 Bxc4 26. bxc4 Qxa4 27. c5 Qd7 28. Nd4 a4 29. Qa2+ Qf7 30. Ne6 Bf8 31. Qd5 Rc8 32. Qd4 Rc6 33. Nd8 1-0

[Event "Mecklenburg VP-ch MT"]
[Site "Nakenstorf"]
[Date "1997.03.26"]
[Round "3.2"]
[White "Hennings, Artur"]
[Black "Luethke, Hans Eckart"]
[Result "1/2-1/2"]
[WhiteElo "2251"]
[BlackElo "2213"]
[PlyCount "52"]
[EventDate "1997.03.26"]
[EventType "swiss"]
[EventRounds "9"]
[EventCountry "GER"]
[SourceTitle "EXT 2022"]
[Source "ChessBase"]
[SourceDate "2021.10.06"]
[SourceVersion "1"]
[SourceVersionDate "2021.10.06"]
[SourceQuality "1"]

1. e4 c5 2. Nc3 d6 3. f4 Nc6 4. Nf3 Nf6 5. Bb5 Bd7 6. 0-0 Nd4 7. Bxd7+ Nxd7 8. d3 g6 9. Ne2 Nxf3+ 10. Rxf3 Bg7 11. c3 0-0 12. Be3 Qa5 13. Qb3 Qa6 14. Qc2 Rac8 15. a3 b5 16. Rff1 Qb7 17. Ng3 a6 18. Qd2 Nf6 19. h3 Rcd8 20. Rae1 c4 21. dxc4 bxc4 22. Qc2 Rb8 23. Rf2 Qb5 24. Rd1 Rb7 25. Rfd2 Qc6 26. Re2 Rfb8 1/2-1/2

[Event "GER-ch 68th"]
[Site "Dudweiler"]
[Date "1996.??.??"]
[Round "8"]
[White "Dietz, Holger"]
[Black "Hennings, Artur"]
[Result "1/2-1/2"]
[WhiteElo "2285"]
[BlackElo "2340"]
[PlyCount "80"]
[EventDate "1996.11.26"]
[EventType "swiss"]
[EventRounds "9"]
[EventCountry "GER"]
[SourceTitle "CBM 055 Extra"]
[Source "ChessBase"]
[SourceDate "1997.01.01"]
[SourceVersion "1"]
[SourceVersionDate "1997.01.01"]
[SourceQuality "1"]

1. d4 d6 2. c3 Nf6 3. Bf4 Nbd7 4. Nf3 g6 5. h3 Bg7 6. e3 0-0 7. Be2 b6 8. a4 a6 9. 0-0 Bb7 10. Nbd2 e6 11. a5 b5 12. Qc2 Qe7 13. Bh2 Rfc8 14. c4 c6 15. Rfd1 Ne8 16. Rac1 f5 17. e4 fxe4 18. Qxe4 bxc4 19. Qe3 d5 20. Ng5 Bh6 21. Qxe6+ Qxe6 22. Nxe6 Kf7 23. Bf4 Bxf4 24. Nxf4 Ndf6 25. b3 g5 26. Nh5 c5 27. Nxf6 Nxf6 28. bxc4 cxd4 29. c5 Rc7 30. Nb3 Rb8 31. Nxd4 Bc8 32. Bd3 Rb4 33. Nf3 h6 34. c6 Ra4 35. Ra1 Rxa1 36. Rxa1 Ke7 37. Rc1 Kd6 38. Nd4 Ke5 39. Nf3+ Kd6 40. Nd4 Ke5 1/2-1/2

[Event "LM-ch"]
[Site "Germany"]
[Date "1996.??.??"]
[Round "?"]
[White "Hennings, Artur"]
[Black "Bartolomaeus, Christian"]
[Result "1-0"]
[WhiteElo "2270"]
[BlackElo "2120"]
[PlyCount "57"]
[EventDate "1996.??.??"]
[EventType "swiss"]
[EventRounds "9"]
[EventCountry "GER"]
[SourceTitle "EXT 2001"]
[Source "ChessBase"]
[SourceDate "2000.11.22"]
[SourceVersion "1"]
[SourceVersionDate "2000.11.22"]
[SourceQuality "1"]

1. e4 d6 2. d4 Nf6 3. Nc3 g6 4. f3 Bg7 5. Be3 c6 6. Qd2 b5 7. Bd3 Nbd7 8. Nge2 e5 9. 0-0 0-0 10. a4 b4 11. Nd1 a5 12. Nf2 d5 13. c3 bxc3 14. bxc3 Qc7 15. Bh6 Ba6 16. Bxg7 Kxg7 17. dxe5 Nxe5 18. Bxa6 Rxa6 19. f4 Nc4 20. Qd3 Rb6 21. e5 Nd7 22. Nd4 Nc5 23. Qh3 Qd7 24. f5 Nxe5 25. f6+ Kh8 26. Qh6 Rg8 27. Rae1 Qd6 28. Nh3 Ng4 29. Qxh7+ 1-0

[Event "GER-ch 68th"]
[Site "Dudweiler"]
[Date "1996.??.??"]
[Round "2"]
[White "Hennings, Artur"]
[Black "Becking, Stephan"]
[Result "1/2-1/2"]
[WhiteElo "2340"]
[BlackElo "2200"]
[PlyCount "83"]
[EventDate "1996.11.26"]
[EventType "swiss"]
[EventRounds "9"]
[EventCountry "GER"]
[SourceTitle "CBM 055 Extra"]
[Source "ChessBase"]
[SourceDate "1997.01.01"]
[SourceVersion "1"]
[SourceVersionDate "1997.01.01"]
[SourceQuality "1"]

1. e4 d5 2. exd5 Qxd5 3. Nc3 Qa5 4. Bc4 Nf6 5. Nge2 Bg4 6. f3 Bh5 7. d3 e6 8. 0-0 c6 9. Ng3 Bg6 10. Qe2 Nbd7 11. Bd2 Qc7 12. f4 0-0-0 13. Nce4 h5 14. Ng5 h4 15. N3e4 Nc5 16. Nxc5 Bxc5+ 17. Be3 Qb6 18. Bxc5 Qxc5+ 19. Qf2 Qxf2+ 20. Rxf2 Nd5 21. Re1 a5 22. a3 Kd7 23. Bxd5 cxd5 24. Nf3 Ke7 25. Nd4 Kf6 26. Re5 Rd6 27. Rf1 Rb6 28. b3 Rc8 29. Re3 Rc3 30. Ra1 Bf5 31. Kf2 g5 32. g3 hxg3+ 33. hxg3 gxf4 34. gxf4 Ra6 35. Ke2 Ra8 36. Kd2 Rac8 37. Kc1 Rg8 38. Kb2 Rcc8 39. Re5 Rg2 40. Re2 Rcg8 41. Rae1 R8g4 42. Rxg2 1/2-1/2

[Event "GER-ch 68th"]
[Site "Dudweiler"]
[Date "1996.??.??"]
[Round "6"]
[White "Hennings, Artur"]
[Black "Gross, Georg"]
[Result "0-1"]
[WhiteElo "2340"]
[BlackElo "2355"]
[PlyCount "78"]
[EventDate "1996.11.26"]
[EventType "swiss"]
[EventRounds "9"]
[EventCountry "GER"]
[SourceTitle "CBM 055 Extra"]
[Source "ChessBase"]
[SourceDate "1997.01.01"]
[SourceVersion "1"]
[SourceVersionDate "1997.01.01"]
[SourceQuality "1"]

1. e4 Nc6 2. Nc3 Nf6 3. Bb5 Nd4 4. Ba4 b5 5. Nxb5 Nxb5 6. Bxb5 Nxe4 7. Qe2 Bb7 8. Nf3 a6 9. Ba4 Nc5 10. Bb3 e6 11. d4 Nxb3 12. axb3 Be7 13. 0-0 0-0 14. Bd2 c5 15. dxc5 Bxc5 16. b4 Be7 17. Rfd1 Qc7 18. c3 Qc6 19. Bf4 f6 20. Ne1 e5 21. Be3 Rfe8 22. Ra5 Qe6 23. Qd3 d5 24. Bc5 Bd8 25. Ra3 Qc6 26. Be3 Bc7 27. Qd2 Rad8 28. f3 f5 29. Bf2 e4 30. f4 Qh6 31. Be3 g5 32. g3 gxf4 33. gxf4 Re7 34. Nc2 Rg7+ 35. Kh1 d4 36. Nxd4 Qh3 37. Rg1 Rdd7 38. Rg2 Bxf4 39. Nxf5 Qxf5 0-1